| 000 | 00863cam a22002893a 4500 | ||
|---|---|---|---|
| 001 | 4075 | ||
| 003 | PGUSA | ||
| 005 | 20140828083048.0 | ||
| 008 | 030501s2003||||xxu|||||s|||||000 1 eng d | ||
| 040 |
_aPGUSA _beng |
||
| 042 | _adc | ||
| 050 | 4 | _aPR | |
| 100 | 1 |
_aWodehouse, P. G. _q(Pelham Grenville), _d1881-1975 |
|
| 245 | 1 | 4 |
_aThe Intrusion of Jimmy _h[electronic resource] / _cP. G. Wodehouse |
| 260 |
_bProject Gutenberg, _c2003 |
||
| 506 | _aPublic domain in the USA. | ||
| 516 | _aElectronic text | ||
| 653 | _aBritish -- United States -- Fiction | ||
| 653 | _aPolice -- Family relationships -- Fiction | ||
| 653 | _aNew York (N.Y.) -- Fiction | ||
| 653 | _aHumorous stories | ||
| 653 | _aBurglary -- Fiction | ||
| 653 | _aLove stories | ||
| 830 | 0 |
_aProject Gutenberg _v4075 |
|
| 856 | 4 | 0 | _uhttp://www.gutenberg.org/ebooks/4075 |
| 942 | _cEB | ||
| 999 |
_c233404 _d233404 |
||